<?xml version="1.0" encoding="UTF-8"?>
<collection xmlns="http://www.loc.gov/MARC21/slim">
  <record>
    <leader>00000nam  2200000   4500</leader>
    <controlfield tag="001">INLIS000000000020291</controlfield>
    <controlfield tag="005">20250604111800</controlfield>
    <datafield tag="035" ind1="#" ind2="#">
      <subfield code="a">0010-0625000033</subfield>
    </datafield>
    <controlfield tag="007">ta</controlfield>
    <controlfield tag="008">250604################|##########|#|##</controlfield>
    <datafield tag="084" ind1="#" ind2="#">
      <subfield code="a">R 0014 PKN I 2024</subfield>
    </datafield>
    <datafield tag="100" ind1=" " ind2="#">
      <subfield code="a">Emilwan Ridwan</subfield>
    </datafield>
    <datafield tag="245" ind1="1" ind2="#">
      <subfield code="a">Kebijakan Kolaborasi Dalam Pemanfaatan Aset Terkait Tindak Pidana Korupsi Pada BUMN /</subfield>
      <subfield code="c">Emilwan Ridwan</subfield>
    </datafield>
    <datafield tag="260" ind1="#" ind2="#">
      <subfield code="a">Jakarta :</subfield>
      <subfield code="b">Pusbangkom Pimnas dan Manajerial ASN,</subfield>
      <subfield code="c">2024</subfield>
    </datafield>
    <datafield tag="300" ind1="#" ind2="#">
      <subfield code="a">41 halaman ;</subfield>
      <subfield code="c">30 cm</subfield>
    </datafield>
    <datafield tag="650" ind1="#" ind2="4">
      <subfield code="a">Pemanfaatan Aset</subfield>
    </datafield>
    <datafield tag="520" ind1="#" ind2="#">
      <subfield code="a">Penyebab permasalahan yakni kebijakan pemanfaatan Asset tindak pidana korupsi pada BUMN belum dirumuskan, strategi optimalisasi pemanfaatan Aset BUMN pada saat ini tidak efektif, Tata kelola organisasi pemerintahan belum efektif serta pemanfaatan Aset menunggu Keputusan Hakim yang berkekuatan tetap. Solusi dibutuhkan kebijakan kolaboratif dalam pemanfaatan Aset terkait tindak pidana korupsi pada BUMN dan perlunya dibangun kolaborasi antar stakeholder terkait dan untuk menjamin keberlanjutan pemanfaatan aset BUMN</subfield>
    </datafield>
    <datafield tag="990" ind1="#" ind2="#">
      <subfield code="a">2024/1.2.1/A/0014</subfield>
    </datafield>
  </record>
</collection>
